<Die> Sparkassenorganisation in den fünf neuen Bundesländern.
Zapojenie východonemeckých sporiteľní do systému sporiteľní v Nemecku od 1.1.1991. Rýchly proces osamostatnenia východonemeckých sporiteľní. Podpora zo západného Nemecka (školenie pracovníkov, technická pomoc). Rozšírenie a zmena zamerania činnosti sporiteľní. Centrálna banka sporiteľní. Budovanie s...
Saved in:
| Main Author: | |
|---|---|
| Format: | Book Chapter |
| Language: | German |
| Subjects: | |
| Tags: |
No Tags, Be the first to tag this record!
|
MARC
| LEADER | 00000naa a2200000 4500 | ||
|---|---|---|---|
| 001 | r005373 | ||
| 005 | 20221208122809.4 | ||
| 041 | 0 | |a ger | |
| 044 | |a DE | ||
| 245 | 1 | 0 | |a <Die> Sparkassenorganisation in den fünf neuen Bundesländern. |c H. Geiger |
| 520 | |a Zapojenie východonemeckých sporiteľní do systému sporiteľní v Nemecku od 1.1.1991. Rýchly proces osamostatnenia východonemeckých sporiteľní. Podpora zo západného Nemecka (školenie pracovníkov, technická pomoc). Rozšírenie a zmena zamerania činnosti sporiteľní. Centrálna banka sporiteľní. Budovanie siete jednotného spracovania dát a jednotnej štruktúry sporiteľní. | ||
| 610 | 2 | 0 | |a sporiteľne |
| 610 | 2 | 0 | |a Nemecko |
| 610 | 2 | 0 | |a 1991 |
| 610 | 2 | 0 | |a banky |
| 610 | 2 | 0 | |a spracovanie dát |
| 610 | 2 | 0 | |a východné Nemecko |
| 100 | 1 | |a Geiger, H. | |